Pokémon - Générique saison 5 (Paroles) - Statistiques

Statistiques générales
  • Ce quiz a été pris 619 fois
  • Le résultat moyen est 69 sur 83
Statistiques - réponses
Paroles % Correct
Pokémon
96%
Pokémon
96%
Pokémon
96%
Pokémon
96%
le
94%
Le
94%
à
93%
de
93%
de
93%
Je
93%
je
93%
je
93%
La
89%
la
89%
la
89%
mon
89%
mon
89%
Mon
89%
et
88%
et
88%
et
88%
tout
88%
tout
88%
est
86%
est
86%
est
86%
au
85%
au
85%
pas
85%
pas
85%
Un
85%
c'est
84%
Il
84%
moi
84%
moi
84%
ne
84%
ne
84%
amis
83%
Mes
83%
monde
83%
serais
83%
ai
82%
chemin
82%
destin
82%
jour
82%
qui
82%
ultime
82%
victoire
82%
arriver
81%
champion
81%
combat
81%
Maître
81%
on
81%
peut
81%
quête
81%
tracé
81%
Car
80%
conviction
80%
croire
80%
crois
80%
d'y
80%
entier
80%
J'en
80%
n'ai
80%
prêt
80%
réussirai
80%
seul
80%
s'offre
80%
suffit
80%
J'y
79%
m'anime
79%
prouver
79%
souhait
79%
temps
79%
douter
78%
nous
78%
qu'en
78%
rien
78%
poursuivant
77%
arrêtera
76%
m'échappera
76%
Désormais
72%
désire
53%
Aucun quiz correspondant
Distribution des résultats
% des personnes avec chaque résultat
Percentile par nombre de réponses
Votre historique - résultats
Vous n’avez pas pris ce quiz